000 00471nam a2200133Ia 4500
008 220216s9999 xx 000 0 und d
100 _aGeorge Soney C
245 0 _aPreparation and characterization of natural rubber-caly nanocomposites
260 _bProceedings of the Asia Rub Tech Expo, 23-25 November 2006, Indian Rubber Institute, Kochi. pp.145-146.
650 _aRubber-clay nanocomposites
700 _aAprem Abi Santhosh
700 _aThomas Sabu
942 _cJS
999 _c65542
_d65542